Lana Del Rey - Chansons de l'album Chemtrails Over The Country Club - Statistiques

Statistiques générales
  • Ce quiz a été pris 4 fois
  • Le résultat moyen est 8 sur 11
Statistiques - réponses
Hint Réponse % Correct
Chemtrails Over The Country Club 2 Chemtrails Over The Country Club
100%
Chemtrails Over The Country Club 4 Let Me Love You like A Woman
100%
Chemtrails Over The Country Club 1 White Dress
100%
Chemtrails Over The Country Club2 9 Breaking Up Slowly (with Nikki Lane)
67%
Chemtrails Over The Country Club2 10 Dance Till We Die
67%
Chemtrails Over The Country Club 6 Dark But Just A Game
67%
Chemtrails Over The Country Club2 11 For Free (ft. Zella Day & Weyes Blood)
67%
Chemtrails Over The Country Club2 7 Not All Who Wander Are Lost
67%
Chemtrails Over The Country Club 3 Tulsa Jesus Freak
67%
Chemtrails Over The Country Club2 8 Yosemite (with Rick Nowells)
67%
Chemtrails Over The Country Club 5 Wild At Heart
33%
Aucun quiz correspondant
Distribution des résultats
% des personnes avec chaque résultat
Percentile par nombre de réponses
Votre historique - résultats
Vous n’avez pas pris ce quiz